书目信息 |
| 题名: |
奥运趣史
|
|
| 作者: | 蒂鲍尔斯 , Tibbals 著 ;李黎 译 | |
| 分册: | ||
| 出版信息: | 北京 蓝天出版社 2006 |
|
| 页数: | 254页 | |
| 开本: | 23cm | |
| 丛书名: | 西方体育畅销书译丛 | |
| 单 册: | ||
| 中图分类: | G811.219 | |
| 科图分类: | ||
| 主题词: | 奥运会--体育运动史 , 奥运会 , 体育运动史 | |
| 电子资源: | ||
| ISBN: | 7-80158-599-2 | |
| 000 | 01183oam2 2200325 450 | |
| 001 | 010700016279 | |
| 005 | 20061112083629.01 | |
| 010 | @a7-80158-599-2@dCNY28.00 | |
| 100 | @a20060121d2006 em y0chiy0110 ea | |
| 101 | 1 | @achi@ceng |
| 102 | @aCN@b110000 | |
| 105 | @aa z 000yy | |
| 200 | 1 | @a奥运趣史@9ao yun qu shi@e奥运会上离奇却真实的故事@f(英)杰弗·蒂鲍尔斯(Geoff Tibbals)著@g李黎等译 |
| 210 | @a北京@c蓝天出版社@d2006 | |
| 215 | @a254页@c图,照片@d23cm | |
| 225 | 2 | @a西方体育畅销书译丛 |
| 305 | @a由Chrysalis Books Group Plc授权 | |
| 330 | @a本书从奥运的诞生一直写到悉尼奥运会。以准确而详实的材料,记述了一百多年来历届奥运会上激动人心的故事,尤其是当中所发生的怪事、趣事和种种匪夷所思的“另类”事件。 | |
| 461 | 0 | @12001 @a西方体育畅销书译丛 |
| 510 | 1 | @aOlympic's Strangest Games@zeng |
| 517 | 1 | @a奥运会上离奇却真实的故事@9ao yun hui shang li qi que zhen shi de gu shi |
| 606 | 0 | @a奥运会@x体育运动史 |
| 606 | 0 | @a奥运会 |
| 606 | 0 | @a体育运动史 |
| 690 | @aG811.219@v4 | |
| 701 | 1 | @a蒂鲍尔斯@9di bao er si@bG.@4著 |
| 701 | 1 | @aTibbals@bGeoff@4著 |
| 702 | 0 | @a李黎@9li li@4译 |
| 801 | 0 | @aCN@bRENTIAN@c20061112 |
| 905 | @a10447@dG811.219@e34 | |
| 奥运趣史:奥运会上离奇却真实的故事/(英)杰弗·蒂鲍尔斯(Geoff Tibbals)著/李黎等译.-北京:蓝天出版社,2006 |
| 254页:图,照片;23cm.-(西方体育畅销书译丛) |
| ISBN 7-80158-599-2:CNY28.00 |
| 本书从奥运的诞生一直写到悉尼奥运会。以准确而详实的材料,记述了一百多年来历届奥运会上激动人心的故事,尤其是当中所发生的怪事、趣事和种种匪夷所思的“另类”事件。 |
| ● |
| 相关链接 |
|
|
|
|
正题名:奥运趣史
索取号:G811.219/34
 
预约/预借
| 序号 | 登录号 | 条形码 | 馆藏地/架位号 | 状态 | 备注 |
| 1 | 0383872 | 203838721 | 第一样本阅览室/ [索取号:G811.219/34] | 在馆 | |
| 2 | 0383873 | 203838730 | 第四借阅区/ [索取号:G811.219/34] | 在馆 | |
| 3 | 0383874 | 203838749 | 第四借阅区/ [索取号:G811.219/34] | 在馆 | |
| 4 | 0383875 | 203838758 | 第四借阅区/ [索取号:G811.219/34] | 在馆 | |
| 5 | 0383876 | 203838767 | 第四借阅区/ [索取号:G811.219/34] | 在馆 |